=LDR 00000nam 2200000 4500 =001 INLIS000000000004167 =005 20250630023941 =035 ##$$a 0010-0625000372 =007 ta =008 250630################f##########0#ind## =020 ##$$a 978-602-391-211-7 =082 ##$$a 618 =084 ##$$a 618 HAY p =100 #$$a Hayati Nur =245 1#$$a Panduan Kehamilan dan Kelahiran Bagi Muslimah : $b Bonus Nama-Nama Bayi Indah & Islami /$c Hayati Nur =250 ##$$a Ed.1 =260 ##$$a Yogyakarta :$b Sabil,$c 2016 =300 ##$$a 264 : $b Agama Islam ; $c 14 x 20 cm =504 ##$$a 263 =600 #4$$a Hayati Nur